000 00378pab a2200145 454500
008 180718b1983 xxu||||| |||| 00| 0 eng d
100 _aDavis, Leonard F.
245 _aFuture trends inchild care
_bA United Kingdom perspective
260 _c1983
300 _a35-46
362 _aDec.
650 _aChild Welfare - U.K.
773 _aInternational Child Welfare
909 _a5296
999 _c5296
_d5296